000 00862nam a2200241 a 4500
003 CO-ViMGA
005 20230915233126.0
008 130510s2012 ck ab gz 00111 spa d
020 _a9789585762800
040 _aCO-ViMGA
_bspa
_cCO-ViMGA
043 _as-ck---
082 0 4 _aCo862.6
_bP85l
_220
100 1 _aPulecio Mariño, Enrique.
_92776
245 1 0 _aLuchando contra el olvido :
_binvestigación sobre la dramaturgia del conflicto /
_cEnrique Pulecio Mariño ; fotografías Carlos Mario Lema ... [et al.].
260 _aBogotá :
_bMinisterio de Cultura,
_c2012.
300 _a334 p. :
_bil., ;
_c23 cm.
504 _aIncluye bibliografías.
650 1 4 _aConflicto armado en el teatro.
_92779
650 1 4 _aViolencia en el teatro.
_92778
650 1 4 _aTeatro colombiano.
_92777
700 1 _aLema, Carlos Mario,
_efot.
_92780
942 _2ddc
_cBK
999 _c35352
_d35352